<The> Financial engineering in a corporate finance

Finančné inžinierstvo ako relatívne nový pojem. Definícia a prehľad literatúry. Význam pre podnikové financie, nástroj na riešenie krízy podniku a zabezpečenie jeho finančnej stability.

Salvato in:
Dettagli Bibliografici
Autore principale: Kucherenko, A.V
Natura: Capitolo di libro
Lingua:inglese
Soggetti:
Tags: Aggiungi Tag
Nessun Tag, puoi essere il primo ad aggiungerne!!

MARC

LEADER 00000nla a2200000 4500
001 0228413
005 20231108101006.6
041 0 |a eng 
044 |a DE 
245 1 0 |a <The> Financial engineering in a corporate finance  |c A.V. Kucherenko 
520 |a Finančné inžinierstvo ako relatívne nový pojem. Definícia a prehľad literatúry. Význam pre podnikové financie, nástroj na riešenie krízy podniku a zabezpečenie jeho finančnej stability. 
610 2 0 |a inžinierstvo finančné 
610 2 0 |a financie podnikové 
610 2 0 |a manažment finančný 
610 2 0 |a kríza podniku 
610 2 0 |a inovácia 
100 1 |a Kucherenko, A.V.